000 00556nam a22001577a 4500
005 20251108174723.0
008 250721s2008 xx 000 0 ara d
082 1 4 _a303/علا
100 1 _aعلاونة، جهاد
245 1 0 _aالفردية و الجماعية في ضوء التطور : دراسة عن سلامة موسى و العقاد و سيد درويش /
264 1 _aعمان :
_bدار الكندي للنشر و التوزيع،
_c2008.
300 _a212ص.
650 1 7 _aعلم الاجتماع
942 _2ddc
_cBK
999 _c116307
_d116307